Modern american dialogues

Wedi'i Gadw mewn:
Manylion Llyfryddiaeth
Prif Awduron: Pearson, David 1932- (Awdur), Alton, Robyn (Awdur), Hantke, Sue (Awdur)
Fformat: Llyfr
Iaith:Saesneg
Cyhoeddwyd: Londres Macmillan press 1980
Rhifyn:1a. ed
Pynciau:
Tagiau: Ychwanegu Tag
Dim Tagiau, Byddwch y cyntaf i dagio'r cofnod hwn!

MARC

LEADER 00000nam a2200000 a 4500
001 UCH6890
003 CL-VaPUC
008 091109e19800000UK |||||||||||||||||eng|d
082 0 4 |a 428  |b PEA  |2 21 
100 |a Pearson, David  |d 1932-  |e author  |9 543458 
700 0 |a Alton, Robyn  |e author  |9 543459 
700 0 |a Hantke, Sue  |e author  |9 543460 
245 1 0 |a Modern american dialogues 
250 |a 1a. ed 
300 |a 125 p 
942 |c BK 
945 |d 20091109 00:00:00  |a ccalabra 
260 |a Londres  |b Macmillan press  |c 1980 
650 0 |a Educación  |9 258661 
650 0 |a Gramática inglesa  |9 392981 
650 0 |a Lengua inglesa  |9 453712 
650 0 |a Aprendizaje de idiomas  |9 454840 
650 0 |a Ejercicios de lectura   |9 324248 
650 0 |a Ejercicios de escritura  |9 346986 
650 0 |a Comprensión de lectura  |9 307588 
650 0 |a Lingüística  |9 265068 
583 |a last modification  |c 20091109 00:00:00  |k Rodrigo Vera 
999 |c 337693  |d 337691